Лирика : (Record no. 283504)
[ view plain ]
| 000 -LEADER | |
|---|---|
| fixed length control field | 00645nam a2200193 a 4500 |
| 001 - CONTROL NUMBER | |
| control field | 000772944 |
| 003 - CONTROL NUMBER IDENTIFIER | |
| control field | AM-YEHGA |
| 005 - DATE AND TIME OF LATEST TRANSACTION | |
| control field | 20250618073841.0 |
| 008 - FIXED-LENGTH DATA ELEMENTS--GENERAL INFORMATION | |
| fixed length control field | 101123s1971 ||| r 000 0 rus d |
| 040 ## - CATALOGING SOURCE | |
| Original cataloging agency | AM-YeHGA |
| 041 1# - LANGUAGE CODE | |
| Language code of text/sound track or separate title | rus |
| Language code of original | fre |
| 090 ## - LOCALLY ASSIGNED LC-TYPE CALL NUMBER (OCLC); LOCAL CALL NUMBER (RLIN) | |
| -- | 285165 |
| 100 1# - MAIN ENTRY--PERSONAL NAME | |
| Personal name | Հյուգո, Վիկտոր, |
| Dates associated with a name | 1802-1885 |
| 9 (RLIN) | 5858 |
| 245 10 - TITLE STATEMENT | |
| Title | Лирика : |
| Remainder of title | Перевод с французского / |
| Statement of responsibility, etc. | Виктор Гюго. |
| 260 ## - PUBLICATION, DISTRIBUTION, ETC. | |
| Place of publication, distribution, etc. | Москва : |
| Name of publisher, distributor, etc. | Худож. лит., |
| Date of publication, distribution, etc. | 1971. |
| 300 ## - PHYSICAL DESCRIPTION | |
| Extent | 191 с. : |
| Other physical details | портр. |
| 440 #0 - SERIES STATEMENT/ADDED ENTRY--TITLE | |
| Title | Сокровища лирической поэзии |
| 653 0# - INDEX TERM--UNCONTROLLED | |
| Uncontrolled term | Французская литература |
| Withdrawn status | Lost status | Damaged status | Not for loan | Collection | Home library | Current library | Date acquired | Total checkouts | Full call number | Barcode | Date last seen | Price effective from | Koha item type | Public note |
|---|---|---|---|---|---|---|---|---|---|---|---|---|---|---|
| General | Fundamental Scientific Library | Fundamental Scientific Library | 29/12/2016 | PI/27171 | FL0175626 | 29/12/2016 | 29/12/2016 | Գրքեր / Books | 30 Days Loan | |||||
| Gagik Sargsyan Individual Collection | Fundamental Scientific Library | Fundamental Scientific Library | 31/01/2022 | ГСарг/887 | FL0670768 | 31/01/2022 | 31/01/2022 | Գրքեր / Books | ILL Non-Circ. |
ՀՀ Գիտությունների ազգային ակադեմիայի հիմնարար գիտական գրադարան = Fundamental Scientific Library of NAS RA
All site content, except where otherwise noted, is licensed under a